Responses for Show #2848 - Wednesday, January 8, 1997

Contestants

[<< previous game]

Michael Kunes, a furniture manufacturer originally from Princeton, New Jersey

Kim Mihalick, a bartender from Merrillville, Indiana

Steve Dhuey, a book editor from Madison, Wisconsin (whose 1-day cash winnings total $4,100)

[next game >>]

Jeopardy! Round responses

BIBLICAL PEOPLE
GUINNESS RECORDS
POP MUSIC
THE OLD WEST
INTERNATIONAL FOOD & DRINK
OSCAR-WINNING ROLES
(Alex: I'll give you the role; you give me the star who won an Oscar for playing that role.)
    $100 9
Eve

Kim
    $100 16
library book

Kim
    $100 5
Tina Turner

Steve
    $100 14
bunkhouse

Michael
    $100 3
cornmeal

Steve
    $100 1
Tom Hanks

Steve
    $200 11
Solomon

Michael
    $200 17
Mount Everest

Kim
    $200 6
The Ed Sullivan Show

Steve
    $200 19
your guns

Kim
    $200 22
coffee

Kim
    $200 2
Anthony Hopkins

Michael
    $300 12
Abraham

Kim
    $300 18
cucumber

Michael
    $300 10
The Beach Boys

Steve
    $300 26
(Kim: What is head 'em off at the pass?)
...
(Alex: And you phrased it correctly because [*] is in a question form. We have less than a minute to go.)

How do you stop a stampede?

SteveKim
    $300 23
yogurt

Kim
    $300 4
(Michael: Who is....[time]?)
(Steve: Who is Sally Fields?)
---------------------------
(Alex: No "s".)

Sally Field

SteveKimMichael
    $400 28
Esau

Kim
    $400 20
Vincent Van Gogh

Kim
    $400 13
(Carl) Palmer

Michael
    $400 29
(Michael: What is....[time]?)

Geronimo

KimMichael
    $400 24
Luxembourg

Kim
    $400 7
Jessica Tandy

Steve
    $500 27
Jezebel

Steve
    $500 21
Colorado

Kim
    $500 15
Boyz II Men

Kim
    $500 30
(Michael: What is a gunfighter?)

Pony Express riders

Michael
Triple Stumper
    $500 25
rum

Kim
    $500 8
Meryl Streep

Steve

Scores at the first commercial break (after clue 15):

Steve Kim Michael
$1,400 $1,200 $600

Scores at the end of the Jeopardy! Round:

Steve Kim Michael
$2,200 $4,500 $0

Double Jeopardy! Round responses

U.S. PRESIDENTS
CLASSICAL COMPOSERS
OCEANS & SEAS
PLANTS & TREES
AUTHORS
HOMOPHONIC PAIRS
    $200 4
Ulysses S. Grant

Kim
    $200 14
Beethoven

Steve
    $200 1
the Red Sea

Michael
    $200 19
California

Michael
    $200 9
Tom Clancy

Kim
    $200 3
dear deer

Michael
    $400 5
Lyndon Johnson

Michael
    $400 15
J.S. Bach

Kim
    $400 2
Atlantic Ocean

Kim
    $400 20
(Steve: What is the banyan tree?)

eucalyptus

SteveMichael
    $400 27
Colleen McCullough

Steve
    $400 10
dual duel

Kim
    $600 6
(Michael: Who was Adams?)

Thomas Jefferson

SteveMichael
    $600 24
Rossini

Steve
    $600 16
yellow

Kim
    $600 21
(Kim: What is sesame?)

poppyseeds

KimMichael
    $600 11
idle idol

Kim
    $1,000 7
(Steve: Who is Pierce?)
(Alex: That's who he defeated.)

James Buchanan

Steve
    $800 25
Chopin

Steve
    $800 17
Indian Ocean

Kim
    $800 22
(Kim: What is cork?)
...
(Alex: [*], the very center of it. We have less than a minute to go, Michael.)

heartwood

Kim
Triple Stumper
    $800 29
[end-of-round signal sounds]

John Grisham

Triple Stumper
    $800 12
coy koi

Triple Stumper
    $1000 8
(Kim: Who was Harding?)
(Michael: Who was Hoover?)
(Steve: Who was Coolidge?)

William Howard Taft

SteveKimMichael
Triple Stumper
    $1000 26
(Michael: Who was Liszt?)

Bedrich Smetana

Michael
Triple Stumper
    $2,000 18
(Kim: What is the Tasman Sea?)

Coral Sea

Kim
    $1000 23
(Alex: Now's the time for [*].)

cork

Michael
    $1000 28
(Steve: Who is McMurty?)

(Larry) McMurtry

SteveMichael
    $1000 13
knew nu

Steve

Scores at the end of the Double Jeopardy! Round:

Steve Kim Michael
$2,400 $3,700 $1,400

[wagering suggestions for these scores]

Final Jeopardy! Round responses

ANCIENT HISTORY
MichaelWho was Marc Antony
$1,399
SteveWho is Mark Antony
$2,399
KimWho was Marc Antony?
$1,100
Mark Antony

Final scores:

Steve Kim Michael
$4,799 $4,800 $2,799
2nd place: Trip to Almond Beach Resort, Barbados New champion: $4,800 3rd place: Zodiac Sea Wolf watch

Game dynamics:

Coryat scores:

Steve Kim Michael
$3,400 $5,700 $1,400
15 R
(including 1 DD),
5 W
(including 1 DD)
23 R,
5 W
(including 1 DD)
13 R,
6 W

Combined Coryat: $10,500

[game clues] [game scores] [suggest correction]

Game tape date: 1996-11-05
The J! Archive is created by fans, for fans. Scraping, republication, monetization, and malicious use prohibited; this site may use cookies and collect identifying information. See terms. The Jeopardy! game show and all elements thereof, including but not limited to copyright and trademark thereto, are the property of Jeopardy Productions, Inc. and are protected under law. This website is not affiliated with, sponsored by, or operated by Jeopardy Productions, Inc. Join the discussion at JBoard.tv.